Qui a dit cette réplique Marvel #14 - Statistiques

Statistiques générales
  • Ce quiz a été pris 583 fois
    219 depuis la dernière actualisation
  • Le résultat moyen est 11 sur 18
Statistiques - réponses
Hint Réplique Réponse % Correct
16 Modère tes propos ! Loki à perdu la raison mais il est d'Asgard et c'est mon frère ! Thor
96%
9 Si c'était la dernière soirée de votre vie, qu'est ce que vous feriez ? Iron man (Tony Stark)
92%
14 Les avengers ont uni leurs forces pour rendre le monde plus sûr et je pense qu'on a réussi. Captain America (Steve Rogers)
90%
4 Si tu me dis qu'il faut positiver, ne t'étonnes pas si tu reçois un sandwich au beurre de cacahuète à la figure. Black Widow (Natasha Romanoff)
88%
1 J'ai développé l'aptitude de rester si incroyablement immobile que j'en deviens pratiquement invisible. Drax
88%
10 Je peux pas faire du babysitting en même temps. Je veux pas savoir ce que tu as fait ou qui tu étais. Hawkeye (Clint barton)
86%
2 Et ça fait 6 mois que j'ai ces pouvoirs. Mais avant je pouvais pas et la c'est trop tard. Spider man (Peter Parker)
84%
15 Notre force en soi est un défi et tout défi à tendance à engendrer un conflit. Et les conflits provoquent des catastrophes. Vision
78%
18 Wanda vos enfants ne sont pas réels. Vous les avez crée par magie. Doctor Strange (Steven Strange)
73%
7 C'est toujours le meilleur film de tous les temps ? Star Lord (Peter Quill)
70%
12 J'ai l'impression qu'il n'est pas tout seul dans sa tête. C'est un malade mental ce type. Hulk (Bruce Banner)
65%
5 Pour voir s'ils pouvaient faire équipe à notre demande afin de livrer des batailles qu'on ne pourrait remporter seul. Nick Fury
53%
17 Pour certaine personne le meilleur archer du monde. Kate Bishop
46%
8 Wanda si tu restes ici tu es morte. Ultron
35%
13 Ça sera la première fois qu'on me pose une question indiscrète. Mantis
23%
11 Quelque chose dans mon passé est la clé de tout ça ! Captain Marvel (Carole Danvers)
21%
3 Si jamais nous rencontrons encore ce genre de crise, que se passera t'il ? Maria Hill
21%
6 Ce brusque retour de la population à généré l'énergie nécessaire pour déclencher l'émergence. Ajak
7%
Aucun quiz correspondant
Distribution des résultats
% des personnes avec chaque résultat
Percentile par nombre de réponses
Votre historique - résultats
Vous n’avez pas pris ce quiz depuis la dernière actualisation